00340nam a2200133Ia 45000010005000000080041000050200022000460820027000681000023000952450024001182600021001429010028001639990015001912520241024s9999 xx 000 0 und d a978-9945-020-54-0 aRD/864.44/B598l/V.68/2 aHipólito Billini 0aEnsayos 2 : Ensayos bEd. Búhoc2008 a20/9/2012 11:37:23 a.m. c7737d7737